Adolescencia y juventud /

Guardado en:
Bibliografiske detaljer
Hovedforfatter: Krauskopf, Dina
Format: Texto
Fag:
Tags: Tilføj Tag
Ingen Tags, Vær først til at tagge denne postø!

MARC

LEADER 00000 a a2200000 04500
001 8203
003
040
100 |a Krauskopf, Dina  
245 |a Adolescencia y juventud /  |c Dina Krauskopf 
650 |a SEXUALIDAD  
650 |a ADOLESCENTES  
650 |a DESARROLLO DE LA EPRSONALIDAD  
650 |a PARTICIPACION SOCIAL  
650 |a JUVENTUD  
773 |g volumen 5, número 2; páginas 6-11  
999 |c 23545  |d 23545